000 01163cam a2200181 4500500
005 20251228095029.0
041 _afre
042 _adc
100 1 0 _aLe Moing, Monique
_eauthor
245 0 0 _aPhilippe Besson, Les Passants de Lisbonne, Paris, Julliard, 2016, 192 pages
260 _c2016.
500 _a61
520 _aDans son ultime « idée de récit » de ses origines, L’Écharpe rouge, sorte d’autoanalyse, Yves Bonnefoy livre comment son goût pour une poésie d’où émergerait « la parole vraie » lui serait venu.
520 _aIn The Red Scarf, Yves Bonnefoy’s last "idea for a story" of his origins or a sort of self-analysis, the poet reveals how he came to favour a type of poetry in which "the true word" is brought forth.
520 _aNa sua última “ideia de narrativa” das suas origens, L’Écharpe rouge, espécie de auto-análise, Yves Bonnefoy expõe como seu gosto por uma poesia donde sairia “a palavra verdadeira” teria surgido nele.
786 0 _nSigila | 38 | 2 | 2016-10-03 | p. 182f-183f | 1286-1715
856 4 1 _uhttps://shs.cairn.info/revue-sigila-2016-2-page-182f?lang=fr&redirect-ssocas=7080
999 _c1605397
_d1605397